00436 2200169 4500245005300000020002200053250001100075100002000086700002200106650001800128005001900146260003800165041001400203084001000217300003000227336000900257 aSejarah Islam yang HilangcFiras AlkhateebhText a978-602-291-150-0 aCet. 1 aFiras Alkhateeb aMursyid Wijanarko aSejarah Islam a20240903205835 aYogyakartabBentang Pustakac2016 aIndonesia a297.6 avii, 300 hlm. :c20,5 cm. atext